[Event "IV.Internat. Ibis-Accor GM Turnier"]
[Site "?"]
[Date "2007.12.28"]
[Round "1"]
[White "Pitl, Gregory"]
[Black "Renner, Christoph"]
[Result "1/2-1/2"]
[WhiteElo "2403"]
[BlackElo "2410"]
[PlyCount "111"]
[EventDate "2007.12.28"]
[SourceDate "2007.12.28"]

1. d4 d5 2. c4 e6 3. Nf3 Nf6 4. g3 Nbd7 5. Bg2 Be7 6. O-O O-O 7. Qc2 c5 8. Rd1
cxd4 9. Nxd4 Qc7 10. cxd5 Qxc2 11. Nxc2 Nxd5 12. e4 N5b6 13. Nc3 Nc5 14. e5 Bd7
15. Nd4 Rfd8 16. b3 Be8 17. Ba3 Rac8 18. Ndb5 Bxb5 19. Nxb5 Nd5 20. Rac1 a6 21.
Nd6 Bxd6 22. exd6 Nd7 23. Rxc8 Rxc8 24. Bxd5 exd5 25. Rxd5 Rc2 26. Rd4 f5 27.
Rc4 Rxa2 28. Bb4 Kf7 29. Rc7 Ke6 30. Rxb7 a5 31. Ra7 Rb2 32. Bxa5 Rxb3 33. Bc7
g5 34. Ra8 g4 35. Re8+ Kd5 36. Re7 Kc6 37. Kg2 h6 38. h3 h5 39. Re6 Nc5 40. Re5
Nd3 41. Rxf5 Ne1+ 42. Kf1 Nf3 43. hxg4 hxg4 44. Rf4 Rb2 45. Rc4+ Kd7 46. Rc1
Nd2+ 47. Kg2 Ne4 48. Rf1 Rc2 49. Bb8 Rb2 50. Ba7 Kxd6 51. Be3 Rc2 52. Rh1 Rc4
53. Rh4 Nf6 54. Bg5 Ke5 55. Rh6 Nd5 56. Rh8 1/2-1/2

[Event "IV.Internat. Ibis-Accor GM Turnier"]
[Site "?"]
[Date "2007.12.28"]
[Round "3"]
[White "Arnold, Lothar"]
[Black "Wolfsteiner, Helmut"]
[Result "1/2-1/2"]
[WhiteElo "2376"]
[BlackElo "2306"]
[PlyCount "63"]
[EventDate "2007.12.28"]
[SourceDate "2007.12.28"]

1. e4 c5 2. Nf3 e6 3. d4 cxd4 4. Nxd4 a6 5. Bd3 Nf6 6. O-O Qc7 7. Qe2 d6 8. c4
Nc6 9. Nxc6 bxc6 10. f4 e5 11. f5 Be7 12. Nc3 h5 13. Kh1 Bb7 14. Be3 h4 15.
Rac1 Qd8 16. Bc2 Nh5 17. Qd2 d5 18. cxd5 Bb4 19. Rfd1 cxd5 20. exd5 h3 21. g3
Nf6 22. Ba4+ Kf8 23. Bb3 Rh5 24. a3 Ba5 25. Qd3 Bb6 26. Na4 Nxd5 27. Bxd5 Qxd5+
28. Qxd5 Bxd5+ 29. Rxd5 Bxe3 30. Rf1 Bd4 31. b4 Rc8 32. Nc5 1/2-1/2

[Event "IV.Internat. Ibis-Accor GM Turnier"]
[Site "?"]
[Date "2007.12.28"]
[Round "1"]
[White "Atalik, Ekaterina"]
[Black "van der Weide, Karel"]
[Result "0-1"]
[WhiteElo "2404"]
[BlackElo "2502"]
[PlyCount "48"]
[EventDate "2007.12.28"]
[SourceDate "2007.12.28"]

1. d4 Nf6 2. Nf3 g6 3. g3 Bg7 4. Bg2 O-O 5. O-O d6 6. c4 Nbd7 7. Nc3 e5 8. e4
exd4 9. Nxd4 a6 10. Bg5 h6 11. Be3 Rb8 12. h3 Re8 13. Qc2 c5 14. Nde2 b5 15.
Rad1 b4 16. Na4 Bb7 17. Rxd6 Bxe4 18. Bxe4 Nxe4 19. Rxa6 Qc8 20. Ra7 Ng5 21.
Nf4 Ne5 22. h4 Ngf3+ 23. Kg2 Nxh4+ 24. Kh1 g5 0-1

[Event "IV.Internat. Ibis-Accor GM Turnier"]
[Site "?"]
[Date "2007.12.28"]
[Round "1"]
[White "Bromberger, Stefan"]
[Black "Heinzel, Olaf"]
[Result "1/2-1/2"]
[WhiteElo "2491"]
[BlackElo "2401"]
[PlyCount "85"]
[EventDate "2007.12.28"]
[SourceDate "2007.12.28"]

1. d4 d5 2. c4 e6 3. Nf3 Nf6 4. Nc3 Nbd7 5. Qc2 Be7 6. Bf4 O-O 7. e3 c5 8. Rd1
cxd4 9. exd4 dxc4 10. Bxc4 Nb6 11. Bd3 Nbd5 12. Nxd5 exd5 13. Ne5 Bb4+ 14. Bd2
Bxd2+ 15. Qxd2 Bg4 16. f3 Bh5 17. O-O Qb6 18. Bf5 Rfe8 19. Rfe1 Bg6 20. Bh3 a5
21. Re3 a4 22. Rde1 Red8 23. a3 Ne8 24. Nd7 Qb5 25. Qe2 Nd6 26. Qxb5 Nxb5 27.
Re5 Nxd4 28. Rxd5 Nc6 29. Red1 h5 30. Nc5 Re8 31. R1d2 Re7 32. Rd7 Re1+ 33. Kf2
Rc1 34. Nxb7 Ne5 35. Rd8+ Rxd8 36. Rxd8+ Kh7 37. f4 Rc2+ 38. Kg3 Rxb2 39. Nc5
Nc6 40. Rc8 Nd4 41. Nxa4 Rb3+ 42. Kf2 Rxa3 43. Nc3 1/2-1/2

[Event "IV.Internat. Ibis-Accor GM Turnier"]
[Site "?"]
[Date "2007.12.28"]
[Round "?"]
[White "Rozentalis, Eduardas"]
[Black "Atalik, Suat"]
[Result "1-0"]
[WhiteElo "2581"]
[BlackElo "2599"]
[PlyCount "53"]
[EventDate "2007.12.28"]
[SourceDate "2007.12.28"]

1. e4 e5 2. Nf3 Nc6 3. Bb5 a6 4. Bxc6 dxc6 5. d3 f6 6. Be3 Be6 7. d4 exd4 8.
Nxd4 Bf7 9. Qe2 c5 10. Nb3 c4 11. N3d2 b5 12. Nc3 Bb4 13. Qg4 g6 14. Qf3 Kf8
15. O-O-O Bxc3 16. Bc5+ Kg7 17. Qxc3 Qe8 18. Rhe1 Be6 19. Nf3 Nh6 20. Ng5 Nf7
21. Bd4 Nxg5 22. Bxf6+ Kg8 23. Bxh8 Qf8 24. Qf6 Qh6 25. Rd8+ Rxd8 26. Qxd8+ Kf7
27. f4 1-0

[Event "IV.Internat. Ibis-Accor GM Turnier"]
[Site "?"]
[Date "2007.12.29"]
[Round "2"]
[White "Atalik, Suat"]
[Black "Bromberger, Stefan"]
[Result "1/2-1/2"]
[WhiteElo "2599"]
[BlackElo "2491"]
[PlyCount "83"]
[EventDate "2007.12.28"]
[SourceDate "2007.12.28"]

1. d4 Nf6 2. c4 e6 3. Nc3 Bb4 4. Qc2 d5 5. cxd5 exd5 6. Bg5 h6 7. Bxf6 Qxf6 8.
a3 Bxc3+ 9. Qxc3 O-O 10. e3 Bf5 11. Ne2 Nd7 12. Ng3 c5 13. Nxf5 Qxf5 14. Bb5 c4
15. Ba4 Nf6 16. f3 Ne8 17. O-O Nd6 18. Rae1 Qe6 19. Re2 f5 20. Rfe1 b5 21. Bc2
a5 22. e4 b4 23. axb4 Nb5 24. Qd2 Qb6 25. Rd1 axb4 26. Qxb4 fxe4 27. fxe4 Qxd4+
28. Rxd4 Nxd4 29. Qxf8+ Kxf8 30. Rd2 Nxc2 31. Rxc2 Ra4 32. exd5 Ke7 33. Kf2 Kd6
34. Rd2 Ra5 35. Rd4 Rb5 36. Rxc4 Rxb2+ 37. Kf3 Kxd5 38. Rc7 g6 39. Rh7 Rb3+ 40.
Kg4 Rb4+ 41. Kh3 h5 42. Rg7 1/2-1/2

[Event "IV.Internat. Ibis-Accor GM Turnier"]
[Site "?"]
[Date "2007.12.29"]
[Round "2"]
[White "Heinzel, Olaf"]
[Black "Atalik, Ekaterina"]
[Result "1/2-1/2"]
[WhiteElo "2401"]
[BlackElo "2404"]
[PlyCount "43"]
[EventDate "2007.12.28"]
[SourceDate "2007.12.28"]

1. d4 d5 2. Bf4 Nf6 3. Nf3 c5 4. e3 Nc6 5. h3 e6 6. Be2 Be7 7. O-O O-O 8. c3 b6
9. Nbd2 Bb7 10. Bh2 Bd6 11. Ne5 Bxe5 12. dxe5 Nd7 13. f4 f6 14. exf6 Nxf6 15.
Bd3 Ne7 16. Qe2 Nf5 17. Rad1 Nd6 18. Nf3 Nfe4 19. Ng5 Qe8 20. Bxe4 Nxe4 21.
Nxe4 dxe4 22. c4 1/2-1/2

[Event "IV.Internat. Ibis-Accor GM Turnier"]
[Site "?"]
[Date "2007.12.29"]
[Round "2"]
[White "van der Weide, Karel"]
[Black "Arnold, Lothar"]
[Result "1/2-1/2"]
[WhiteElo "2502"]
[BlackElo "2376"]
[PlyCount "50"]
[EventDate "2007.12.28"]
[SourceDate "2007.12.28"]

1. e4 e6 2. d4 d5 3. Nc3 Nf6 4. Bg5 dxe4 5. Nxe4 Be7 6. Bxf6 Bxf6 7. Nf3 O-O 8.
Qd2 Nd7 9. O-O-O b6 10. Bd3 Bb7 11. h4 Be7 12. Rh3 Nf6 13. Nxf6+ Bxf6 14. Ng5
h6 15. Nh7 Re8 16. Nxf6+ Qxf6 17. g4 e5 18. dxe5 Qxe5 19. Re3 Qd5 20. Rde1 Rxe3
21. Qxe3 Bc6 22. b3 Qd6 23. Qe7 Qf4+ 24. Kb1 g6 25. Qe5 Qxe5 1/2-1/2

[Event "IV.Internat. Ibis-Accor GM Turnier"]
[Site "?"]
[Date "2007.12.29"]
[Round "2"]
[White "Wolfsteiner, Helmut"]
[Black "Renner, Christoph"]
[Result "1-0"]
[WhiteElo "2306"]
[BlackElo "2410"]
[PlyCount "91"]
[EventDate "2007.12.28"]
[SourceDate "2007.12.28"]

1. c4 e6 2. Nf3 d5 3. e3 Nf6 4. b3 Be7 5. Bb2 O-O 6. Be2 b6 7. O-O Bb7 8. Nc3
c5 9. cxd5 exd5 10. d4 Nbd7 11. Rc1 Rc8 12. Bd3 Ne4 13. Qe2 Bf6 14. Ba6 cxd4
15. exd4 Nxc3 16. Bxc3 Re8 17. Qd3 Bxa6 18. Qxa6 Rc7 19. Bd2 Qc8 20. Qb5 Rd8
21. Bf4 Rc2 22. Qd3 Rc6 23. Rxc6 Qxc6 24. Rc1 Qe6 25. Qa6 Ra8 26. h3 Nf8 27.
Qb7 Qe8 28. Qxd5 Ne6 29. Be3 h6 30. Qb7 Qd8 31. d5 Nf8 32. Bf4 Nd7 33. b4 a5
34. bxa5 bxa5 35. Rc7 Rb8 36. Qc6 Nf8 37. Kh2 Ng6 38. Rd7 Nxf4 39. Rxd8+ Rxd8
40. Qc7 Nxd5 41. Qxa5 g5 42. g3 Nc3 43. Ne5 Rd5 44. Qxc3 Rxe5 45. Qc2 Rb5 46.
Qc6 1-0

[Event "IV.Internat. Ibis-Accor GM Turnier"]
[Site "?"]
[Date "2007.12.30"]
[Round "3"]
[White "Atalik, Ekaterina"]
[Black "Pitl, Gregory"]
[Result "1/2-1/2"]
[WhiteElo "2404"]
[BlackElo "2403"]
[PlyCount "44"]
[EventDate "2007.12.28"]
[SourceDate "2007.12.28"]

1. d4 Nf6 2. c4 e6 3. Nf3 c5 4. d5 exd5 5. cxd5 d6 6. Nc3 g6 7. g3 Bg7 8. Bg2
O-O 9. O-O a6 10. a4 Nbd7 11. Nd2 Re8 12. h3 Rb8 13. Nc4 Ne5 14. Nxe5 Rxe5 15.
a5 b5 16. axb6 Rxb6 17. h4 h6 18. Ra3 Rb4 19. Na2 Rb6 20. Nc3 Rb4 21. Ra4 Rb6
22. Ra3 Rb4 1/2-1/2

[Event "IV.Internat. Ibis-Accor GM Turnier"]
[Site "?"]
[Date "2007.12.30"]
[Round "3"]
[White "Renner, Christoph"]
[Black "Heinzel, Olaf"]
[Result "1-0"]
[WhiteElo "2410"]
[BlackElo "2401"]
[PlyCount "115"]
[EventDate "2007.12.28"]
[SourceDate "2007.12.28"]

1. Nf3 d5 2. d4 Nf6 3. c4 e6 4. Nc3 Nbd7 5. cxd5 exd5 6. Bf4 c6 7. h3 Be7 8. e3
O-O 9. Bd3 Re8 10. O-O Nf8 11. Rb1 Ng6 12. Bh2 Bd6 13. Bxd6 Qxd6 14. Qc2 Qe7
15. b4 a6 16. Na4 Ne4 17. Nb6 Rb8 18. Nxc8 Rbxc8 19. a4 Nh4 20. Bxe4 dxe4 21.
Nxh4 Qxh4 22. Rfc1 Qd8 23. Rb3 Qd7 24. Rc3 Rcd8 25. Rc5 Re6 26. b5 cxb5 27.
axb5 b6 28. Rc8 axb5 29. Rxd8+ Qxd8 30. Qc8 Re8 31. Qxd8 Rxd8 32. Rc6 Rb8 33.
Kh2 g5 34. h4 gxh4 35. Kh3 Kf8 36. Rc7 b4 37. Kxh4 b3 38. Rc3 Ke7 39. Rxb3 Kd6
40. g4 b5 41. Rb4 Kc6 42. Kg5 Kb6 43. Kf5 Ka5 44. Rb1 b4 45. Kxe4 b3 46. Ke5
Kb4 47. d5 Kc3 48. d6 Kc2 49. Rh1 b2 50. d7 Ra8 51. f4 b1=Q 52. Rxb1 Kxb1 53.
Kf6 Kc2 54. e4 Rd8 55. Ke7 Rxd7+ 56. Kxd7 Kd3 57. f5 Kxe4 58. f6 1-0

[Event "IV.Internat. Ibis-Accor GM Turnier"]
[Site "?"]
[Date "2007.12.30"]
[Round "3"]
[White "van der Weide, Karel"]
[Black "Wolfsteiner, Helmut"]
[Result "1-0"]
[WhiteElo "2502"]
[BlackElo "2306"]
[PlyCount "89"]
[EventDate "2007.12.28"]
[SourceDate "2007.12.28"]

1. e4 c5 2. Nf3 e6 3. d4 cxd4 4. Nxd4 a6 5. Nc3 Qc7 6. Bd3 Nf6 7. Qe2 d6 8. f4
Nbd7 9. g4 Nc5 10. Bd2 g6 11. f5 Bg7 12. g5 Nfd7 13. f6 Bf8 14. h4 h5 15. b4
Nxd3+ 16. cxd3 Qb6 17. Be3 Qxb4 18. Rc1 d5 19. exd5 e5 20. O-O Bc5 21. a3 Qa5
22. Ne6 fxe6 23. dxe6 Nf8 24. f7+ Kd8 25. Nd5 Bxe3+ 26. Qxe3 Qxd5 27. Qb6+ Ke7
28. Rc7+ Bd7 29. exd7 Qd4+ 30. Qxd4 exd4 31. Rc8 Nxd7 32. f8=Q+ Rxf8 33. Rfxf8
Nxf8 34. Rxa8 Nd7 35. Kf2 Nc5 36. Ke2 Ne6 37. Kf3 Nc5 38. Ke2 Ne6 39. Rc8 Kd6
40. Kf3 Ke5 41. Rb8 Nc5 42. Rg8 Nxd3 43. Rxg6 Ne1+ 44. Ke2 Ng2 45. Rb6 1-0

[Event "IV.Internat. Ibis-Accor GM Turnier"]
[Site "?"]
[Date "2007.12.30"]
[Round "?"]
[White "Arnold, Lothar"]
[Black "Atalik, Suat"]
[Result "1/2-1/2"]
[WhiteElo "2376"]
[BlackElo "2599"]
[PlyCount "102"]
[EventDate "2007.12.28"]
[SourceDate "2007.12.28"]

1. e4 c5 2. Nf3 d6 3. Bb5+ Nc6 4. O-O Bd7 5. Re1 Nf6 6. c3 a6 7. Bf1 Bg4 8. d3
g6 9. Nbd2 Bg7 10. h3 Bxf3 11. Nxf3 O-O 12. Nh2 Rc8 13. f4 b5 14. Nf3 b4 15.
Qc2 Nd7 16. Bd2 a5 17. Kh1 Nb6 18. Rab1 Qd7 19. a3 Rb8 20. axb4 axb4 21. cxb4
Nxb4 22. Bxb4 cxb4 23. d4 Rfc8 24. Qf2 Rc7 25. Bd3 e5 26. fxe5 dxe5 27. d5 Nc8
28. Rbc1 Nd6 29. Rc5 Rbc8 30. Rec1 f5 31. Rxc7 Rxc7 32. Rxc7 Qxc7 33. Qe3 fxe4
34. Bxe4 Nxe4 35. Qxe4 Qc1+ 36. Kh2 Qf4+ 37. Qxf4 exf4 38. b3 Kf7 39. Nd2 Kf6
40. Nc4 Kf5 41. Kg1 Bd4+ 42. Kf1 Bc5 43. Ke2 g5 44. Kd3 h5 45. d6 g4 46. hxg4+
hxg4 47. d7 Be7 48. Na5 Ke6 49. Nc6 Kxd7 50. Nxe7 Kxe7 51. Ke4 f3 1/2-1/2

[Event "IV.Internat. Ibis-Accor GM Turnier"]
[Site "?"]
[Date "2007.12.31"]
[Round "4"]
[White "Pitl, Gregory"]
[Black "van der Weide, Karel"]
[Result "1/2-1/2"]
[WhiteElo "2403"]
[BlackElo "2502"]
[PlyCount "41"]
[EventDate "2007.12.28"]
[SourceDate "2007.12.28"]

1. e4 c5 2. Nf3 d6 3. d4 cxd4 4. Nxd4 Nf6 5. Nc3 Nc6 6. Bg5 e6 7. Qd2 Be7 8.
O-O-O O-O 9. f4 Nxd4 10. Qxd4 Qa5 11. Bc4 Bd7 12. e5 dxe5 13. fxe5 Bc6 14. Bd2
Nd7 15. Nd5 Qd8 16. Nxe7+ Qxe7 17. Bd3 Rfd8 18. Qg4 Nxe5 19. Bxh7+ Kxh7 20.
Qh5+ Kg8 21. Qxe5 1/2-1/2

[Event "IV.Internat. Ibis-Accor GM Turnier"]
[Site "?"]
[Date "2007.12.31"]
[Round "4"]
[White "Rozentalis, Eduardas"]
[Black "Arnold, Lothar"]
[Result "1-0"]
[WhiteElo "2581"]
[BlackElo "2376"]
[PlyCount "131"]
[EventDate "2007.12.28"]
[SourceDate "2007.12.28"]

1. e4 c5 2. Nf3 Nf6 3. e5 Nd5 4. g3 d6 5. Bg2 Nc6 6. exd6 Qxd6 7. O-O Bg4 8. h3
Bxf3 9. Qxf3 e6 10. Nc3 Rd8 11. d3 Be7 12. Qg4 Nxc3 13. bxc3 O-O 14. Qa4 Rc8
15. Rb1 b6 16. Bxc6 Qxc6 17. Qxa7 Bd8 18. Qa6 Ra8 19. Qc4 Ra4 20. Rb4 Ra5 21.
Be3 Qa8 22. Rb5 Ra4 23. Qb3 Ra3 24. Qb1 Rxa2 25. Bf4 Ra6 26. c4 Qc6 27. Qb2 Bf6
28. Be5 Bxe5 29. Qxe5 f6 30. Qb2 Rd8 31. Rb1 Rd6 32. Ra1 Rxa1+ 33. Qxa1 h5 34.
h4 e5 35. Qe1 Qf3 36. Rb3 Qf5 37. Qe3 Kh7 38. Kg2 Re6 39. f3 Rd6 40. Ra3 Rd4
41. Ra6 Rd6 42. Ra8 Re6 43. Rd8 Qg6 44. Qe4 Qxe4 45. fxe4 Kg6 46. Kf3 Kf7 47.
g4 g6 48. Rb8 Kg7 49. gxh5 gxh5 50. Ke3 Rd6 51. Kd2 Kg6 52. Rg8+ Kf7 53. Rh8
Kg6 54. Kc3 Rd7 55. Rg8+ Kf7 56. Rb8 Rd6 57. Rh8 Kg6 58. Kb3 Rd7 59. Ka4 Ra7+
60. Kb5 Ra2 61. Kxb6 Rxc2 62. Kxc5 Rh2 63. Kb6 Rxh4 64. c5 Rh1 65. c6 Rb1+ 66.
Kc5 1-0

[Event "IV.Internat. Ibis-Accor GM Turnier"]
[Site "?"]
[Date "2007.12.31"]
[Round "4"]
[White "Atalik, Suat"]
[Black "Renner, Christoph"]
[Result "1-0"]
[WhiteElo "2599"]
[BlackElo "2410"]
[PlyCount "69"]
[EventDate "2007.12.28"]
[SourceDate "2007.12.28"]

1. d4 f5 2. Nc3 d5 3. Bf4 Nf6 4. e3 e6 5. Nf3 a6 6. Bd3 c5 7. dxc5 Bxc5 8. O-O
Nbd7 9. Ne2 Qe7 10. Bg3 Nb6 11. Ne5 Nfd7 12. Nd4 O-O 13. Ndf3 g5 14. Qd2 Nxe5
15. Nxe5 Bd7 16. Kh1 Bb5 17. f4 Rad8 18. Qe2 Bxd3 19. cxd3 Nd7 20. fxg5 Qxg5
21. Bf4 Qe7 22. Rac1 Nxe5 23. Bxe5 Bd6 24. Bf4 e5 25. Bg3 Qg5 26. Qe1 Rde8 27.
Qa5 Bb8 28. Qxd5+ Kh8 29. Qf3 e4 30. dxe4 Bxg3 31. hxg3 Qh6+ 32. Kg1 Rxe4 33.
Rc3 Rg4 34. Qxb7 Rxg3 35. Qd5 1-0

[Event "IV.Internat. Ibis-Accor GM Turnier"]
[Site "?"]
[Date "2007.12.31"]
[Round "4"]
[White "Heinzel, Olaf"]
[Black "Wolfsteiner, Helmut"]
[Result "1-0"]
[WhiteElo "2401"]
[BlackElo "2306"]
[PlyCount "75"]
[EventDate "2007.12.28"]
[SourceDate "2007.12.28"]

1. c4 Nf6 2. Nf3 e6 3. g3 c5 4. Bg2 Nc6 5. O-O Be7 6. d4 cxd4 7. Nxd4 O-O 8.
Nc3 a6 9. b3 Qb6 10. Be3 Qa5 11. Na4 Ng4 12. Nxc6 dxc6 13. Bb6 Qh5 14. h3 Nf6
15. e3 Qh6 16. Bc7 e5 17. Nb6 Bxh3 18. Nxa8 Bg4 19. Qc2 Rxa8 20. Bxe5 Qh5 21.
Bd4 Bf5 22. e4 Ng4 23. Rfe1 Be6 24. c5 Nh2 25. Qc3 Bg4 26. Re3 Rd8 27. b4 Be6
28. f3 Bg5 29. Rd3 Qh6 30. Rad1 Re8 31. f4 Bf6 32. Bxf6 gxf6 33. Rd8 Rxd8 34.
Rxd8+ Kg7 35. f5 Bxa2 36. Qd2 Qh5 37. Qxa2 Ng4 38. Bf3 1-0

[Event "IV.Internat. Ibis-Accor GM Turnier"]
[Site "?"]
[Date "2007.12.31"]
[Round "4"]
[White "Atalik, Ekaterina"]
[Black "Bromberger, Stefan"]
[Result "1-0"]
[WhiteElo "2404"]
[BlackElo "2491"]
[PlyCount "41"]
[EventDate "2007.12.28"]
[SourceDate "2007.12.28"]

1. d4 Nf6 2. c4 e6 3. Nf3 c5 4. d5 exd5 5. cxd5 Bd6 6. Nc3 O-O 7. Bg5 Re8 8. e3
h6 9. Bh4 Bc7 10. d6 Ba5 11. Bc4 g5 12. Nxg5 hxg5 13. Bxg5 Nc6 14. O-O Bxc3 15.
bxc3 Kg7 16. f4 b5 17. Bd5 Rxe3 18. Qd2 Re6 19. Bxe6 fxe6 20. f5 e5 21. Bh4 1-0

[Event "IV.Internat. Ibis-Accor GM Turnier"]
[Site "?"]
[Date "2008.01.01"]
[Round "5"]
[White "Pitl, Gregory"]
[Black "Wolfsteiner, Helmut"]
[Result "1/2-1/2"]
[WhiteElo "2403"]
[BlackElo "2306"]
[PlyCount "55"]
[EventDate "2007.12.28"]
[SourceDate "2007.12.28"]

1. e4 c5 2. Nf3 e6 3. d4 cxd4 4. Nxd4 a6 5. Nc3 Qc7 6. Bd3 Nc6 7. Nxc6 dxc6 8.
O-O e5 9. f4 Nf6 10. Kh1 Bd6 11. f5 b5 12. a4 b4 13. Nb1 a5 14. Qe2 Nd7 15. Be3
Bc5 16. Nd2 Qa7 17. Bxc5 Nxc5 18. Nc4 Qe7 19. Qg4 Qf6 20. Qg3 Nd7 21. Ne3 h5
22. Rad1 Nc5 23. Nc4 O-O 24. Be2 Ba6 25. Qe3 Bxc4 26. Bxc4 Nxa4 27. Qb3 Nc5 28.
Qe3 1/2-1/2

[Event "IV.Internat. Ibis-Accor GM Turnier"]
[Site "?"]
[Date "2008.01.01"]
[Round "5"]
[White "Arnold, Lothar"]
[Black "Bromberger, Stefan"]
[Result "1/2-1/2"]
[WhiteElo "2376"]
[BlackElo "2491"]
[PlyCount "48"]
[EventDate "2007.12.28"]
[SourceDate "2007.12.28"]

1. e4 c5 2. Nf3 d6 3. Bb5+ Bd7 4. Bxd7+ Qxd7 5. c4 Nf6 6. Nc3 g6 7. O-O Bg7 8.
d4 cxd4 9. Nxd4 O-O 10. f3 Rc8 11. b3 d5 12. exd5 Nxd5 13. Nxd5 e6 14. Bh6 exd5
15. Bxg7 Kxg7 16. cxd5 Qxd5 17. Ne2 Qc5+ 18. Qd4+ Qxd4+ 19. Nxd4 Nc6 20. Nxc6
Rxc6 21. Rac1 Rac8 22. Rxc6 Rxc6 23. Rf2 Rc1+ 24. Rf1 Rc2 1/2-1/2

[Event "IV.Internat. Ibis-Accor GM Turnier"]
[Site "?"]
[Date "2008.01.01"]
[Round "5"]
[White "van der  Weide, Karel"]
[Black "Heinzel, Olaf"]
[Result "1-0"]
[WhiteElo "2502"]
[BlackElo "2401"]
[PlyCount "69"]
[EventDate "2007.12.28"]
[SourceDate "2007.12.28"]

1. e4 d5 2. exd5 Qxd5 3. Nc3 Qd6 4. d4 Nf6 5. Nf3 c6 6. Ne5 Be6 7. Bf4 Qb4 8.
a3 Qa5 9. Bc4 Bxc4 10. Nxc4 Qd8 11. Qe2 e6 12. O-O-O Be7 13. Rd3 Nd5 14. Be5 b5
15. Ne3 Nxc3 16. Rxc3 b4 17. axb4 O-O 18. Qg4 f6 19. Qxe6+ Kh8 20. Nf5 Bxb4 21.
Rh3 Qd7 22. Qxd7 Nxd7 23. Bd6 Bxd6 24. Nxd6 c5 25. dxc5 Nxc5 26. Rd1 Ne6 27.
Re3 Nf4 28. Re7 Ng6 29. Rc7 Ne5 30. f4 Ng4 31. h3 Ne3 32. Rd2 g5 33. Nf7+ Kg7
34. Nxg5+ Kg6 35. Ne6 1-0

[Event "IV.Internat. Ibis-Accor GM Turnier"]
[Site "?"]
[Date "2007.12.31"]
[Round "5"]
[White "Atalik, Ekaterina"]
[Black "Atalik, Suat"]
[Result "1/2-1/2"]
[WhiteElo "2404"]
[BlackElo "2599"]
[PlyCount "20"]
[EventDate "2007.12.28"]
[SourceDate "2007.12.28"]

1. d4 Nf6 2. c4 g6 3. Nf3 Bg7 4. g3 O-O 5. Bg2 c6 6. O-O d5 7. cxd5 cxd5 8. Nc3
e6 9. Ne5 Nbd7 10. Nxd7 Bxd7 1/2-1/2

[Event "IV.Internat. Ibis-Accor GM Turnier"]
[Site "?"]
[Date "2008.01.01"]
[Round "5"]
[White "Renner, Christoph"]
[Black "Rozentalis, Eduardas"]
[Result "0-1"]
[WhiteElo "2410"]
[BlackElo "2581"]
[PlyCount "94"]
[EventDate "2007.12.28"]
[SourceDate "2007.12.28"]

1. Nf3 d5 2. g3 c6 3. Bg2 Bg4 4. d3 Nd7 5. O-O Ngf6 6. Nbd2 e6 7. b3 a5 8. a3
Bd6 9. Bb2 O-O 10. e4 dxe4 11. dxe4 Be5 12. Qc1 Bxf3 13. Bxf3 Bxb2 14. Qxb2 Qc7
15. Rfd1 Ne5 16. Bg2 Rfd8 17. Nf3 Neg4 18. Re1 Qb6 19. c3 Nd7 20. h3 Nge5 21.
Red1 h6 22. Qc2 c5 23. Nxe5 Nxe5 24. Bf1 Rxd1 25. Rxd1 Rd8 26. Rxd8+ Qxd8 27.
Be2 g5 28. Kf1 Qd6 29. a4 Kf8 30. Ke1 Ke7 31. Qd1 c4 32. Qxd6+ Kxd6 33. b4 axb4
34. cxb4 c3 35. Bb5 Nf3+ 36. Kd1 Nd4 37. Bd3 Ke5 38. Kc1 Nc6 39. b5 Nb4 40. Be2
b6 41. Bh5 f6 42. Bf7 Nd3+ 43. Kc2 Nxf2 44. Bg6 Nxh3 45. Kxc3 Nf2 46. Kc4 Kd6
47. e5+ fxe5 0-1

[Event "IV.Internat. Ibis-Accor GM Turnier"]
[Site "?"]
[Date "2008.01.02"]
[Round "6"]
[White "Bromberger, Stefan"]
[Black "Pitl, Gregory"]
[Result "1/2-1/2"]
[WhiteElo "2491"]
[BlackElo "2403"]
[PlyCount "47"]
[EventDate "2007.12.28"]
[SourceDate "2007.12.28"]

1. d4 d5 2. c4 c6 3. Nc3 Nf6 4. Nf3 dxc4 5. a4 Bf5 6. Ne5 e6 7. f3 c5 8. e4 Bg6
9. d5 exd5 10. exd5 Bd6 11. Nxc4 O-O 12. Be2 Na6 13. O-O Nb4 14. Bg5 h6 15. Bh4
Bf4 16. Bxf6 Qxf6 17. Ne4 Bxe4 18. fxe4 Qh4 19. g3 Bxg3 20. hxg3 Qxg3+ 21. Kh1
Qh3+ 22. Kg1 Qg3+ 23. Kh1 Qh3+ 24. Kg1 1/2-1/2

[Event "IV.Internat. Ibis-Accor GM Turnier"]
[Site "?"]
[Date "2008.01.02"]
[Round "6"]
[White "Rozentalis, Eduardas"]
[Black "Atalik, Ekaterina"]
[Result "1-0"]
[WhiteElo "2581"]
[BlackElo "2404"]
[PlyCount "85"]
[EventDate "2007.12.28"]
[SourceDate "2007.12.28"]

1. e4 e5 2. Nf3 Nc6 3. Nc3 Nf6 4. Bb5 Bb4 5. O-O O-O 6. d3 d6 7. Bg5 Bxc3 8.
bxc3 Ne7 9. Bxf6 gxf6 10. Nh4 Ng6 11. Nf5 Bxf5 12. exf5 Ne7 13. d4 d5 14. Qg4+
Kh8 15. f3 Rg8 16. Qh3 c5 17. dxc5 Qc7 18. Kh1 Qxc5 19. Qh6 Qd6 20. Bd3 Rac8
21. c4 e4 22. fxe4 dxc4 23. Be2 Qe5 24. Rad1 b5 25. Rd7 Rgd8 26. Rxa7 Ng8 27.
Qe3 Rc7 28. Ra5 Qd4 29. Qxd4 Rxd4 30. Rxb5 Rd2 31. Bd1 Rcd7 32. Rd5 R7xd5 33.
exd5 Ne7 34. Bf3 Nxd5 35. Bxd5 Rxd5 36. a4 Ra5 37. Ra1 h5 38. g3 Kg7 39. Kg2
Kh6 40. h4 c3 41. Ra3 Kg7 42. Kf3 Rxf5+ 43. Ke3 1-0

[Event "IV.Internat. Ibis-Accor GM Turnier"]
[Site "?"]
[Date "2008.01.02"]
[Round "6"]
[White "Renner, Christoph"]
[Black "van der Weide, Karel"]
[Result "0-1"]
[WhiteElo "2410"]
[BlackElo "2502"]
[PlyCount "58"]
[EventDate "2007.12.28"]
[SourceDate "2007.12.28"]

1. Nf3 Nf6 2. c4 g6 3. Nc3 Bg7 4. e4 d6 5. d4 O-O 6. Be2 Na6 7. O-O e5 8. Re1
Qe8 9. Bg5 exd4 10. Qxd4 Ng4 11. Qd2 h6 12. Bh4 Bd7 13. Bf1 Rc8 14. Rad1 Nc5
15. b4 Ne6 16. e5 Ba4 17. Nxa4 Qxa4 18. exd6 cxd6 19. Be7 Rfe8 20. Bxd6 b6 21.
c5 bxc5 22. bxc5 Nxc5 23. Rxe8+ Qxe8 24. Bxc5 Rxc5 25. Qb4 Qc8 26. Ba6 Qc6 27.
Bb7 Qc7 28. Bd5 Ne5 29. Nxe5 Rxd5 0-1

[Event "IV.Internat. Ibis-Accor GM Turnier"]
[Site "?"]
[Date "2008.01.02"]
[Round "6"]
[White "Wolfsteiner, Helmut"]
[Black "Atalik, Suat"]
[Result "0-1"]
[WhiteElo "2306"]
[BlackElo "2599"]
[PlyCount "82"]
[EventDate "2007.12.28"]
[SourceDate "2007.12.28"]

1. c4 e5 2. Nc3 Nc6 3. g3 g6 4. Bg2 Bg7 5. Nf3 d6 6. d3 h6 7. O-O Be6 8. Rb1
Qd7 9. Re1 f5 10. Qc2 a5 11. a3 Nge7 12. b4 axb4 13. axb4 O-O 14. b5 Nd8 15.
Bb2 Nf7 16. Ra1 Rab8 17. Ra7 Nc8 18. Raa1 g5 19. Nd2 c6 20. Reb1 Ne7 21. Ra7
cxb5 22. Nxb5 Rfc8 23. Ba3 d5 24. Qb3 dxc4 25. Nxc4 Nc6 26. Ra4 e4 27. Qd1 Rd8
28. Ncd6 Be5 29. Nxf7 Bxf7 30. d4 Bxd4 31. e3 Be5 32. Qxd7 Rxd7 33. Bb2 Bxb2
34. Rxb2 Rd1+ 35. Bf1 Ne5 36. Nd4 Bc4 37. Ne2 b5 38. Rab4 Ra8 39. Rxb5 Bxb5 40.
Rxb5 Nf3+ 41. Kg2 Raa1 0-1

[Event "IV.Internat. Ibis-Accor GM Turnier"]
[Site "?"]
[Date "2008.01.02"]
[Round "6"]
[White "Heinzel, Olaf"]
[Black "Arnold, Lothar"]
[Result "1/2-1/2"]
[WhiteElo "2401"]
[BlackElo "2376"]
[PlyCount "48"]
[EventDate "2007.12.28"]
[SourceDate "2007.12.28"]

1. d4 e6 2. Nf3 Nf6 3. e3 Be7 4. Bd3 O-O 5. O-O b6 6. Nbd2 Bb7 7. Qe2 c5 8. c3
Nc6 9. Rd1 Qc7 10. Nf1 d5 11. Ng3 e5 12. e4 dxe4 13. Nxe4 exd4 14. Nfg5 g6 15.
Qf3 Nxe4 16. Bxe4 Ne5 17. Qg3 Bxe4 18. Nxe4 dxc3 19. Nxc3 f6 20. Nd5 Qb7 21.
Bf4 Rad8 22. Nxf6+ Bxf6 23. Bxe5 Bxe5 24. Qxe5 Qg7 1/2-1/2